NLSUI OPAC header image

A Chandrachud reader : Collection of judgements with annotations (Record no. 38836)

MARC details
000 -LEADER
fixed length control field 00738nam a2200205Ia 4500
003 - CONTROL NUMBER IDENTIFIER
control field OSt
005 - DATE AND TIME OF LATEST TRANSACTION
control field 20210507123507.0
008 - FIXED-LENGTH DATA ELEMENTS--GENERAL INFORMATION
fixed length control field 160316s1985 xxu||||| |||| 00| 0 eng d
040 ## - CATALOGING SOURCE
Transcribing agency n
082 ## - DEWEY DECIMAL CLASSIFICATION NUMBER
Classification number 340.092000
Item number DES-2
100 ## - MAIN ENTRY--PERSONAL NAME
Personal name Deshpande V
245 ## - TITLE STATEMENT
Title A Chandrachud reader : Collection of judgements with annotations
260 ## - PUBLICATION, DISTRIBUTION, ETC.
Place of publication, distribution, etc. New Delhi
Name of publisher, distributor, etc. Documentation Centre for Corporate Business Policy
Date of publication, distribution, etc. 1985
300 ## - PHYSICAL DESCRIPTION
Extent 112p
365 ## - TRADE PRICE
Price amount Gratis
505 ## - FORMATTED CONTENTS NOTE
Formatted contents note Contents<br/>Can the police be allowed to spoil a prosecution case 4;<br/>Cruelty in marriage Narain Dinesh Dastane Vs Sucheta 11;<br/>Dissolution of State Legislative Assemblies State of Rajasthan 18;<br/>Copyright
650 ## - SUBJECT ADDED ENTRY--TOPICAL TERM
Topical term or geographic name entry element 1.Biographies
700 ## - ADDED ENTRY--PERSONAL NAME
Personal name
--
942 ## - ADDED ENTRY ELEMENTS (KOHA)
Source of classification or shelving scheme Dewey Decimal Classification
Koha item type BOOKs
Holdings
Withdrawn status Lost status Damaged status Not for loan Home library Current library Shelving location Date acquired Total Checkouts Full call number Barcode Date last seen Price effective from Koha item type
        . . Library Compactors 30.05.2017   340.092 DES-2 32926 30.05.2017 30.05.2017 BOOKs